00865cam a22002535a 450000100100000000500170001000800410002702000150006802000180008304000310010108200170013210000260014924500400017526000480021530000320026350400510029554100310034665000400037765300180041769000440043594200080047999900170048795201070050401067740020201128024348.0981026t1998 enka frb 001 0 eng d a033366910X a9780333669105 aStDuBDSdUkdEG-ScBUEbeng04a650222bMOR1 aMorton, Clive,d1943-10aBeyond world class /cClive Morton. aBasingstoke :bMacmillan Business,cc.1998. ax, 333 p. :bill. ;c24 cm. aIncludes bibliographical references and index. aDonation from David Kirby. 7aIndustrial management.2BUEsh91569 bGGENcMay20187 aManagement and Business Studies2blcoll 2ddc c26769d26741 00102ddc4070aMAINbMAINc1STd2018-05-27eDonationl0o650 MORp000047822r2025-07-15 00:00:00yBB